Statistics for Sen. Lisa Murkowski Voting History Quiz - 116th Congress

Click here to take the quiz!

General Stats

  • This quiz has been taken 5 times
  • The average score is 17 of 36

Answer Stats

QuestionAnswer% Correct
Nomination of Amy Coney Barrett to be an associate justice of the Supreme Court (52-48)Yes
100%
Whether to convict President Trump on a charge of obstruction of Congress (47-53)No
80%
Whether to convict President Trump on a charge of abuse of power (48-52)No
80%
Providing assistance to people affected by the coronavirus (90-8)Yes
80%
United States-Mexico-Canada trade agreement (89-10)Yes
80%
Reversing Trump administration guidance on Affordable Care Act waivers (43-52)No
60%
Nomination of Mark T. Esper to be secretary of defense (90-8)Yes
60%
Overriding President Trump’s veto of a bill ending U.S. military assistance to Saudi-led forces in the war in Yemen (53-45)Yes
60%
Nomination of Russell Vought to be director of the office of management and budget (51-45)Yes
60%
Two-year budget bill (67-28)Yes
60%
Funding the Department of Commerce, the Department of Justice and several other parts of the government (84-9)Yes
60%
Providing disaster relief money, including additional aid for Puerto Rico (85-8)Yes
60%
Funding the federal government through Feb. 8, without money for a border wall (52-44)Yes
60%
Nomination of Jovita Carranza to be administrator of the Small Business Administration (88-5)Yes
60%
Restricting President Trump from taking military action against Iran without congressional approval (55-45)Yes
60%
Reversing a Department of Education regulation on student loans (53-42)Yes
60%
$2 trillion economic stimulus package in response to the coronavirus pandemic (96-0)Yes
60%
Repeal of an Internal Revenue Service regulation on state and local tax deductions (43-52)No
40%
Providing humanitarian aid for the U.S.-Mexico border (37-55)No
40%
Nomination of William Barr to be attorney general (54-45)Yes
40%
Ending U.S. military assistance to Saudi-led forces in the war in Yemen (54-46)Yes
40%
Overturning President Trump’s emergency declaration for border wall funding (59-41)Yes
40%
Nomination of David Bernhardt to be secretary of the interior (56-41)Yes
40%
Overriding President Trump’s veto of a bill blocking the sale of arms to Saudi Arabia (46-41)Yes
40%
Blocking the sale of arms to Saudi Arabia (53-45)Yes
40%
Overriding President Trump’s veto of a bill blocking the sale of arms to Saudi Arabia (45-40)Yes
40%
Overriding President Trump’s veto of a bill blocking the sale of arms to the United Arab Emirates (45-39)Yes
40%
Overturning President Trump’s emergency declaration for border wall funding (54-41)Yes
40%
Nomination of Eugene Scalia to be secretary of labor (53-44)Yes
40%
Nomination of Dan R. Brouillette to be secretary of energy (70-15)Yes
40%
Repeal of an Environmental Protection Agency rule on emissions (41-53)No
20%
Permanent ban on the use of federal funds for abortion or health coverage that includes abortions (48-47)No
20%
Nomination of Andrew Wheeler to be administrator of the Environmental Protection Agency (52-47)Yes
20%
Funding the federal government through Sept. 30 and providing $5.7 billion for a border wall (50-47)Yes
20%
Blocking the sale of arms to Saudi Arabia and the United Arab Emirates (51-45)No
0%
Disapproving of the Trump administration’s plan to lift sanctions on three Russian companies (57-42)No
0%

Score Distribution

Percentile by Number Answered

Percent of People with Each Score

Your Score History

You have not taken this quiz